[Event "Chigorin Memorial Open"]
[Site "St Petersburg RUS"]
[Date "2011.10.19"]
[Round "6.87"]
[White "Irinchinov, Vladimir"]
[Black "Valov, Ilya"]
[Result "0-1"]
[BlackTitle "FM"]
[WhiteElo "2050"]
[BlackElo "2234"]
[WhiteFideId "24116165"]
[BlackFideId "4199251"]
[EventDate "2011.10.14"]

1. e4 Nf6 2. e5 Nd5 3. d4 d6 4. Nf3 g6 5. Be2 Bg7 6. O-O O-O 7. c4 Nb6 8. Nc3
Bg4 9. Re1 Nc6 10. exd6 cxd6 11. c5 dxc5 12. dxc5 Nd7 13. Be3 Qa5 14. Nd4 Bxd4
15. Bxg4 Bxe3 16. Rxe3 Nxc5 17. Bf3 Rad8 18. Qb1 Ne6 19. h4 Ned4 20. Bxc6 Nxc6
21. a3 Rd4 22. b4 Qh5 23. g3 Rfd8 24. Qe1 a6 25. Kg2 Qf5 26. Rc1 h5 27. Ne2 Qd5+
28. Kh2 Rd2 29. Rc5 Qa2 30. Kg2 e5 31. Nc3 Qxa3 32. Ne4 Qxb4 33. Rxc6 bxc6 34.
Nxd2 Qxd2 35. Qa1 Qd5+ 36. Kh2 Qc5 37. Rxe5 Qxf2+ 38. Kh3 Kh7 39. Qb1 Qf3 40.
Qe4 Qxe4 41. Rxe4 a5 42. Rc4 Ra8 43. Rxc6 a4 44. Rc2 a3 45. Ra2 Ra4 46. Kg2 Kg7 0-1

[Event "Chigorin Memorial Open"]
[Site "St Petersburg RUS"]
[Date "2011.10.19"]
[Round "6.88"]
[White "Pashinsky, Mikhail"]
[Black "Karaseva, Janna"]
[Result "1/2-1/2"]
[WhiteElo "2228"]
[BlackElo "2030"]
[WhiteFideId "4152450"]
[BlackFideId "4132548"]
[EventDate "2011.10.14"]

1. e4 c6 2. d4 d5 3. Nc3 dxe4 4. Nxe4 Bf5 5. Ng3 Bg6 6. h4 h6 7. Nf3 Nf6 8. Ne5
Bh7 9. Bc4 e6 10. Qe2 Qe7 11. Bg5 Nbd7 12. O-O-O hxg5 13. hxg5 Nd5 14. g6 Qg5+
15. Kb1 fxg6 16. Ne4 Qf5 17. g4 Qf4 18. Nd3 Qc7 19. Ng5 O-O-O 20. Nxh7 Qb6 21.
Bb3 Qxd4 22. Ng5 Rxh1 23. Rxh1 Re8 24. Rh8 Qf6 25. Ne4 Qe7 26. a3 N7f6 27. Ne5
Nxe4 28. Qxe4 g5 29. Ng6 Qf7 30. Rxf8 Rxf8 31. Nxf8 Qxf8 32. Qxe6+ Kc7 33. Bxd5
cxd5 34. Qe5+ Kc6 35. Qc3+ Qc5 36. Qd2 Qe7 37. Kc1 Qf6 38. Qe3 Qf4 39. Qxf4 gxf4
40. Kd2 d4 41. Kd3 Kd5 42. f3 b5 43. b3 a6 44. Kd2 a5 45. Kd3 g6 46. Kd2 Kc5 47.
Ke2 g5 48. Kd2 Kd6 49. Kd3 Kd5 50. Ke2 Kc5 51. Kd1 Kd5 52. Kc1 a4 53. Kd2 Kd6
54. Kd3 Kd5 55. Kd2 Kd6 56. Ke2 Kc5 57. Kd2 Kd6 58. Kd3 Kd5 1/2-1/2

[Event "Chigorin Memorial Open"]
[Site "St Petersburg RUS"]
[Date "2011.10.19"]
[Round "6.89"]
[White "Prikhodko, Anton"]
[Black "Trapeznikova, Darya"]
[Result "1/2-1/2"]
[WhiteElo "2214"]
[BlackElo "2024"]
[WhiteFideId "24115150"]
[BlackFideId "24121118"]
[EventDate "2011.10.14"]

1. e4 e6 2. d4 d5 3. exd5 exd5 4. Nf3 Nc6 5. c4 Nf6 6. Nc3 Be7 7. Bg5 Bg4 8. Be2
dxc4 9. O-O O-O 10. Be3 Nd5 11. Bxc4 Be6 12. Bd3 Bf6 13. Ne4 h6 14. Nc5 Qc8 15.
Nxe6 Qxe6 16. Re1 Qd7 17. Rc1 Rfe8 18. Bb1 Be7 19. Qc2 g6 20. Bxh6 Bf6 21. Be3
Rad8 22. a3 Nde7 23. Rcd1 Nf5 24. Qc4 Kg7 25. Bxf5 Qxf5 26. b4 Rd5 27. Bh6+ Kxh6
28. Rxe8 Nxd4 29. Nxd4 Bxd4 30. Qc1+ Kg7 31. Re2 Qg4 32. Rde1 Rg5 33. g3 Rf5 34.
Qxc7 Qf3 35. Qc2 Qxa3 36. Qc4 Bb6 37. Rc1 Qa4 38. Qc3+ Kh7 39. g4 Rf4 40. Qh3+
Kg7 41. g5 Bd8 42. Qc3+ Kh7 43. Qh3+ Kg7 44. Qc3+ Kh7 45. Re3 Bxg5 46. Rh3+ Bh6
47. Rxh6+ Kxh6 48. Qh8+ Kg5 49. Qe5+ Rf5 50. h4+ Kh5 51. Qh8+ Kg4 52. Qd4+ Kh5
53. Rc8 g5 54. hxg5 Rxg5+ 55. Kh2 Qa6 56. Rh8+ Kg6 57. Rg8+ Kh5 58. Qd1+ Kh6 59.
Rh8+ Kg7 60. Qd4+ Kg6 61. Qe4+ Kg7 62. Qh7+ Kf6 63. Qh6+ Rg6 64. Qh4+ Kg7 65.
Rh7+ Kg8 66. Rh8+ Kg7 67. Qh7+ Kf6 68. Qh4+ Kg7 69. Rh7+ Kg8 1/2-1/2

[Event "Chigorin Memorial Open"]
[Site "St Petersburg RUS"]
[Date "2011.10.19"]
[Round "6.90"]
[White "Voronenkov, Sergey"]
[Black "Sukhareva, Evgeniya"]
[Result "1/2-1/2"]
[WhiteElo "2048"]
[BlackElo "2213"]
[WhiteFideId "24129674"]
[BlackFideId "4167155"]
[EventDate "2011.10.14"]

1. e4 c5 2. Nf3 e6 3. d4 cxd4 4. Nxd4 a6 5. Nc3 Qc7 6. Be3 b5 7. Qd2 Bb7 8. f3
Nf6 9. O-O-O b4 10. Na4 d5 11. e5 Nfd7 12. f4 Nc6 13. Nb3 Na5 14. Kb1 Be7 15.
Qf2 Nc4 16. Bxc4 dxc4 17. Rxd7 Qxd7 18. Nbc5 Qb5 19. Nxb7 Qxb7 20. Nb6 Rd8 21.
Nxc4 Rd5 22. Nb6 Rd8 23. Nc4 O-O 24. Rg1 Rc8 25. b3 Qe4 26. Bb6 Rxc4 27. bxc4
Qxc4 28. Rd1 Qc6 29. g4 Rb8 30. Be3 Rd8 31. Rxd8+ Bxd8 32. Bc5 a5 33. Qd4 Bc7
34. Bd6 Bb6 35. Qd3 h6 36. h3 Qh1+ 37. Kb2 Qg1 38. a3 Bd4+ 39. Kb3 Qb1+ 40. Kc4
Bc3 41. axb4 axb4 42. Bc5 Qe1 43. Be7 Qb1 44. Qd8+ Kh7 45. Qd3+ Kg8 46. Qd8+ Kh7
47. Qd3+ Kg8 48. Qd8+ Kh7 49. Qd3+ 1/2-1/2

[Event "Chigorin Memorial Open"]
[Site "St Petersburg RUS"]
[Date "2011.10.19"]
[Round "6.91"]
[White "Ivanov, Rostislav"]
[Black "Kharchenko, Daniil"]
[Result "1-0"]
[WhiteTitle "FM"]
[WhiteElo "2202"]
[BlackElo "2016"]
[WhiteFideId "4160495"]
[BlackFideId "24101664"]
[EventDate "2011.10.14"]

1. e4 d5 2. exd5 Qxd5 3. d4 Nf6 4. c4 Qd8 5. Nc3 c6 6. Nf3 Bg4 7. Be2 e6 8. O-O
Be7 9. Be3 O-O 10. a3 Nbd7 11. h3 Bh5 12. b4 Qc7 13. Qb3 Rac8 14. Rac1 Qb8 15.
Rfd1 Rfd8 16. a4 Bf8 17. Rb1 e5 18. d5 e4 19. Nd4 c5 20. bxc5 Nxc5 21. Qa2 Bxe2
22. Ndxe2 Qc7 23. a5 a6 24. Rd2 Ne8 25. Ng3 Nd6 26. Bf4 Re8 27. Rd4 Qd7 28. Bxd6
Bxd6 29. Ngxe4 Be5 30. Rdd1 Nxe4 31. Nxe4 Bh2+ 32. Kxh2 Rxe4 33. Rbc1 Qd6+ 34.
Kg1 Qc5 35. Qb1 Re2 36. Qf5 g6 37. Qf3 Re7 38. d6 Rd7 39. Rd5 Qc6 40. Qd3 Qa4
41. h4 h6 42. g3 Re8 43. h5 Re6 44. hxg6 Rxg6 45. Re1 Kh7 46. Qd4 Rg8 47. Qe4+
Rg6 48. Qd4 Rg8 49. Qd3+ Rg6 50. Re4 Qa1+ 51. Kg2 Qf6 52. c5 Kg7 53. Qe3 Qa1 54.
Re7 Qa4 55. Qe5+ Rf6 56. Rd4 1-0

[Event "Chigorin Memorial Open"]
[Site "St Petersburg RUS"]
[Date "2011.10.19"]
[Round "6.92"]
[White "Ershov, Valentin"]
[Black "Kobzar, Alexandr"]
[Result "1-0"]
[WhiteElo "2031"]
[BlackElo "2197"]
[WhiteFideId "24166430"]
[BlackFideId "14113660"]
[EventDate "2011.10.14"]

1. d4 Nf6 2. c4 g6 3. g3 Bg7 4. Bg2 O-O 5. Nf3 d6 6. Nc3 Nc6 7. O-O Bf5 8. d5
Na5 9. Nd2 c6 10. b4 Nxd5 11. cxd5 Bxc3 12. e4 Bd7 13. Rb1 Bxd2 14. Bxd2 Nc4 15.
Bh6 f6 16. Bxf8 Kxf8 17. Qd4 b5 18. Rfc1 a5 19. dxc6 Bxc6 20. a4 Bd7 21. bxa5
Rxa5 22. axb5 Na3 23. Ra1 Nxb5 24. Qd2 Rxa1 25. Rxa1 Kg7 26. Bf1 Qc8 27. Qb2 Nc7
28. Rc1 1-0

[Event "Chigorin Memorial Open"]
[Site "St Petersburg RUS"]
[Date "2011.10.19"]
[Round "6.93"]
[White "Palchun, Grigory"]
[Black "Shmoilov, Dmitry"]
[Result "1-0"]
[WhiteElo "2194"]
[BlackElo "1998"]
[WhiteFideId "24147338"]
[BlackFideId "24160342"]
[EventDate "2011.10.14"]

1. e4 c6 2. d4 d5 3. exd5 cxd5 4. c4 Nf6 5. Nc3 e6 6. Nf3 Be7 7. cxd5 Nxd5 8.
Bd3 Nc6 9. O-O O-O 10. Re1 Bf6 11. Be4 Nce7 12. Ne5 Nxc3 13. bxc3 Nf5 14. Qb3
Bxe5 15. dxe5 Qc7 16. Ba3 Rd8 17. Rad1 Rxd1 18. Rxd1 h5 19. Qb5 Kh7 20. h3 a6
21. Qe2 g6 22. g4 hxg4 23. hxg4 Nh6 24. Kg2 Kg7 25. Qe3 Ng8 26. Bd6 Qc4 27. Bc5
b6 28. Rd4 Qxc5 29. Bxa8 a5 30. Rd6 Qc4 31. Qf3 Ba6 32. Rd8 Qf1+ 33. Kh2 Qe1 34.
Qf4 Qxc3 35. g5 Bf1 36. Bf3 Qc2 37. Be4 Qe2 38. Rd7 1-0

[Event "Chigorin Memorial Open"]
[Site "St Petersburg RUS"]
[Date "2011.10.19"]
[Round "6.96"]
[White "Lysenko, Maria"]
[Black "Butuc, Maria"]
[Result "1/2-1/2"]
[BlackTitle "WIM"]
[WhiteElo "2019"]
[BlackElo "2183"]
[WhiteFideId "24122084"]
[BlackFideId "13902911"]
[EventDate "2011.10.14"]

1. d4 d5 2. c4 c6 3. cxd5 cxd5 4. Nc3 Nf6 5. Nf3 Nc6 6. Bf4 a6 7. e3 Bg4 8. Be2
e6 9. Ne5 Bxe2 10. Qxe2 Rc8 11. O-O Be7 12. Rfc1 O-O 13. Na4 Nxe5 14. Bxe5 Nd7
15. Bg3 b5 16. Nc3 Nb6 17. Rc2 Bd6 18. Bxd6 Qxd6 19. Rac1 h6 20. Nb1 Rxc2 21.
Rxc2 Rc8 22. Rxc8+ Nxc8 23. Qc2 Ne7 24. Nd2 Qc6 25. Qxc6 Nxc6 26. Nb3 Kf8 27.
Kf1 Ke7 28. Ke2 Kd6 29. a3 f6 30. Nc5 a5 31. Nb7+ Kc7 32. Nc5 Kd6 33. Nb7+ Kc7
34. Nc5 Kd6 35. Nb7+ 1/2-1/2

[Event "Chigorin Memorial Open"]
[Site "St Petersburg RUS"]
[Date "2011.10.19"]
[Round "6.97"]
[White "Tugarin, Anton"]
[Black "Skvortsov, Alexander"]
[Result "0-1"]
[WhiteElo "2014"]
[BlackElo "2179"]
[WhiteFideId "24151246"]
[BlackFideId "24170038"]
[EventDate "2011.10.14"]

1. d4 d5 2. c4 e6 3. Nf3 Nf6 4. g3 Bb4+ 5. Bd2 Bd6 6. Bg2 c6 7. Qc2 Nbd7 8. Bf4
Bxf4 9. gxf4 b6 10. Nbd2 O-O 11. O-O Bb7 12. e3 Qe7 13. cxd5 exd5 14. Ne5 c5 15.
Nxd7 Nxd7 16. Nf3 Rac8 17. Qa4 a5 18. Rfc1 Rc6 19. Kh1 Rh6 20. Rg1 Rc8 21. Bf1
Nf6 22. Rg2 Bc6 23. Qd1 Bd7 24. Ba6 Rd8 25. Qg1 g6 26. Bd3 Ne4 27. Ng5 cxd4 28.
exd4 Bh3 29. Nxh3 Rxh3 30. Qd1 Qf6 31. Bxe4 dxe4 32. d5 Qxf4 33. Qd4 Rd3 34.
Qxb6 R3xd5 35. Re1 Qf3 0-1

[Event "Chigorin Memorial Open"]
[Site "St Petersburg RUS"]
[Date "2011.10.19"]
[Round "6.100"]
[White "Kantyshev, Nikita"]
[Black "Pogosian, Vladimir"]
[Result "0-1"]
[WhiteElo "1833"]
[BlackElo "2166"]
[WhiteFideId "4186737"]
[BlackFideId "13301586"]
[EventDate "2011.10.14"]

1. c4 f5 2. Nc3 Nf6 3. d4 d6 4. g3 g6 5. Bg2 Bg7 6. Nf3 O-O 7. O-O Qe8 8. d5 c5
9. Qc2 Na6 10. a3 Nc7 11. b3 Rb8 12. Bb2 h6 13. e4 b5 14. e5 Ng4 15. e6 Ba6 16.
cxb5 Nxb5 17. Nxb5 Bxb2 18. Nc7 Bxf1 19. Nxe8 Bxa1 20. Bxf1 Rbxe8 21. h3 Ne5 22.
Nxe5 Bxe5 23. Kg2 Kg7 24. f4 Bd4 25. Qd2 Rb8 26. Bc4 Bf6 27. Qe2 Rb7 28. h4 Rfb8
29. h5 a5 30. a4 Bd4 31. g4 Rxb3 32. Bxb3 Rxb3 33. Qa6 fxg4 34. Qc8 Rb2+ 35. Kg3
gxh5 36. Qe8 Bf2+ 37. Kg2 Bh4+ 38. Kf1 Rf2+ 39. Kg1 Rxf4 40. Qxh5 Bg5 41. Kg2 c4
42. Qe8 c3 43. Qc6 Rf3 44. Qc4 h5 45. Qd4+ Bf6 46. Qc4 Kh6 47. Qc7 h4 48. Qc4
Kg5 49. Qe4 h3+ 50. Kh2 Be5+ 51. Kg1 Rf4 52. Qe2 g3 53. Kh1 c2 54. Qe3 Bd4 55.
Qe1 Rf1+ 0-1

[Event "Chigorin Memorial Open"]
[Site "St Petersburg RUS"]
[Date "2011.10.19"]
[Round "6.101"]
[White "Menkov, Aleksandr"]
[Black "Zakharov, Yuri"]
[Result "0-1"]
[WhiteElo "2152"]
[BlackElo "1869"]
[WhiteFideId "24160326"]
[BlackFideId "4166620"]
[EventDate "2011.10.14"]

1. e4 e5 2. Nf3 Nc6 3. Bc4 Bc5 4. b4 Bxb4 5. c3 Be7 6. d4 Na5 7. Bxf7+ Kxf7 8.
Nxe5+ Kf8 9. Qf3+ Nf6 10. Ng4 Kg8 11. Nxf6+ Bxf6 12. e5 Nc6 13. Qd5+ Kf8 14.
exf6 Qxf6 15. O-O d6 16. Re1 Qf7 17. Qg5 Bf5 18. Bb2 h6 19. Qg3 Kg8 20. c4 Re8
21. Nd2 Kh7 22. Nf3 Nb4 23. d5 Nd3 24. Rxe8 Rxe8 25. Bc3 Bg6 26. Nd4 Nc5 27. f3
Re3 28. Be1 Qf6 29. Rd1 a6 30. Qf2 Re7 31. Bc3 Qf7 32. h4 Nd3 33. Qg3 Ne5 34.
Ne6 Nxc4 35. Nxg7 Ne3 36. Re1 Nxd5 37. h5 Rxe1+ 38. Bxe1 Bxh5 39. Nxh5 Qxh5 40.
Qf2 Qg6 41. Qd4 Qb1 42. Kf1 Qb5+ 43. Kf2 Qb6 44. Qxb6 Nxb6 45. Ke3 Kg6 46. Ke4
c6 47. g4 Nc4 48. f4 b5 49. Bh4 a5 50. f5+ Kg7 51. Kd4 a4 52. Bg3 a3 53. Bf4 Kh7
54. Bc1 Kg7 55. Bf4 Ne5 56. Kc3 c5 57. Kb3 b4 58. Bg3 Kf7 59. Bf4 Ke7 60. Bxh6
Nxg4 61. Bg5+ Nf6 62. Kc4 Kf7 63. Bc1 Ke8 64. Bg5 Ne4 65. Bc1 Kd7 66. Kd3 d5 67.
Kc2 Ke7 68. Kb3 Kf6 69. Be3 Kxf5 0-1

[Event "Chigorin Memorial Open"]
[Site "St Petersburg RUS"]
[Date "2011.10.19"]
[Round "6.102"]
[White "Kanakin, Konstantin"]
[Black "Ivkina, Olga"]
[Result "0-1"]
[BlackTitle "WIM"]
[WhiteElo "1944"]
[BlackElo "2296"]
[WhiteFideId "4186699"]
[BlackFideId "4156820"]
[EventDate "2011.10.14"]

1. d4 Nf6 2. c4 g6 3. Nc3 Bg7 4. e4 d6 5. f4 O-O 6. Nf3 a6 7. a4 Bg4 8. Be2 Nfd7
9. O-O Bxf3 10. Bxf3 e5 11. dxe5 dxe5 12. f5 Nc6 13. Be3 Nd4 14. Ne2 Nc5 15. Kh1
a5 16. Nc3 c6 17. g4 Qb6 18. Rb1 Rfd8 19. Qe1 Nc2 20. Qf2 Nxe3 21. Qxe3 Nxa4 22.
Qg5 Nc5 23. Qh4 Rd2 24. f6 Bf8 25. Ne2 Nd3 26. Ng3 Nf2+ 27. Rxf2 Qxf2 28. Rf1
Qe3 29. Nf5 gxf5 30. gxf5 Kh8 31. Qh5 Rf2 0-1

[Event "Chigorin Memorial Open"]
[Site "St Petersburg RUS"]
[Date "2011.10.19"]
[Round "6.103"]
[White "Bondarenko, Alexander"]
[Black "Mitiushkin, Marat"]
[Result "1-0"]
[WhiteTitle "FM"]
[WhiteElo "2224"]
[BlackElo "1995"]
[WhiteFideId "14126109"]
[BlackFideId "4141849"]
[EventDate "2011.10.14"]

1. d4 Nf6 2. c4 e6 3. Nf3 d5 4. Nc3 Be7 5. Bg5 O-O 6. e3 h6 7. Bh4 Ne4 8. Bxe7
Qxe7 9. Bd3 Nxc3 10. bxc3 dxc4 11. Bxc4 Nd7 12. O-O e5 13. Qc2 exd4 14. exd4 c6
15. Rfe1 Qd6 16. h3 Nf6 17. Rad1 Nd5 18. Bxd5 cxd5 19. c4 dxc4 20. Qxc4 Bd7 21.
Ne5 Rac8 22. Qb3 Rc7 23. Rd2 Bc8 24. Red1 Rd8 25. Nc4 Qd5 26. Ne3 Qxb3 27. axb3
b5 28. d5 Rd6 29. g4 h5 30. Kg2 hxg4 31. hxg4 g6 32. Kg3 Kg7 33. b4 Kf6 34. Rd4
Rc3 35. Rf4+ Kg7 36. g5 Bf5 37. Kg2 f6 38. Rxf5 Rxe3 39. Rxf6 1-0

[Event "Chigorin Memorial Open"]
[Site "St Petersburg RUS"]
[Date "2011.10.19"]
[Round "6.104"]
[White "Vunder, Yakov"]
[Black "Lisitsin, Boris"]
[Result "1/2-1/2"]
[WhiteElo "2221"]
[BlackElo "1977"]
[WhiteFideId "4161955"]
[BlackFideId "4139313"]
[EventDate "2011.10.14"]

1. Nf3 c5 2. c4 Nc6 3. Nc3 g6 4. e3 Bg7 5. d4 cxd4 6. exd4 d6 7. Be2 Nh6 8. d5
Ne5 9. Nxe5 dxe5 10. g4 Bd7 11. h4 Qc8 12. f3 f5 13. g5 Nf7 14. h5 gxh5 15. Rxh5
f4 16. Bd3 Bf5 17. Qa4+ Kf8 18. Ne4 Bg6 19. Rh2 Bxe4 20. Bxe4 Nxg5 21. Qc2 Nxe4
22. Qxe4 Qc5 23. Rg2 Bf6 24. Bd2 Rc8 25. b3 h5 26. O-O-O b5 27. Kb1 bxc4 28. Rc1
Rd8 29. bxc4 Rb8+ 30. Ka1 Qa3 31. Rc2 h4 32. Bc1 Qc5 33. a3 a5 34. Ka2 a4 35.
Rb2 Rc8 36. Rbc2 h3 37. Rh2 Rb8 38. Qf5 Rb3 39. Rxh3 Rxh3 40. Qxh3 e4 41. Qh6+
Ke8 42. Qg6+ Kd8 43. Qxe4 Qd4 44. Qxd4 Bxd4 45. Bxf4 Rxf3 46. Bd2 Kd7 1/2-1/2

[Event "Chigorin Memorial Open"]
[Site "St Petersburg RUS"]
[Date "2011.10.19"]
[Round "6.105"]
[White "Nezbailo, Dmitry"]
[Black "Paravyan, David"]
[Result "0-1"]
[WhiteElo "1966"]
[BlackElo "2192"]
[WhiteFideId "4199057"]
[BlackFideId "4194985"]
[EventDate "2011.10.14"]

1. d4 Nf6 2. Nf3 g6 3. c4 Bg7 4. Nc3 d5 5. cxd5 Nxd5 6. Qb3 Nxc3 7. bxc3 O-O 8.
e3 b6 9. Be2 Bb7 10. O-O Nd7 11. Bb2 c5 12. Rfd1 Qc7 13. Rac1 e6 14. c4 cxd4 15.
exd4 e5 16. Nxe5 Nxe5 17. dxe5 Bxe5 18. Bxe5 Qxe5 19. Bf3 Bxf3 20. Qxf3 Rac8 21.
g3 Rc7 22. Rc3 Rfc8 23. Rdc1 b5 24. Qd3 Rc5 25. Qd7 Qc7 26. Qxc7 R8xc7 27. Kf1
Rxc4 28. Rxc4 bxc4 29. Ke2 Kg7 30. Ke3 Kf6 31. Kd4 Rd7+ 32. Ke3 Rd3+ 33. Ke2 Rd4
34. Ke3 Ke5 35. Rc3 Re4+ 36. Kd2 Kd4 37. Ra3 c3+ 38. Rxc3 Re2+ 39. Kxe2 Kxc3 40.
Ke3 a5 41. a4 Kb4 42. Kd4 Kxa4 43. Kc4 Ka3 44. Kc3 g5 45. f4 g4 46. f5 a4 47. f6
h5 48. Kc2 Kb4 49. Kb2 a3+ 50. Ka2 Ka4 51. Ka1 Kb3 52. Kb1 a2+ 53. Ka1 Ka3 54.
h3 gxh3 55. g4 h2 56. gxh5 h1=Q# 0-1

[Event "Chigorin Memorial Open"]
[Site "St Petersburg RUS"]
[Date "2011.10.19"]
[Round "6.106"]
[White "Andreeva, Yulia"]
[Black "Gorozhankina, Julia"]
[Result "1-0"]
[BlackTitle "WFM"]
[WhiteElo "1940"]
[BlackElo "2140"]
[WhiteFideId "4108302"]
[BlackFideId "4199650"]
[EventDate "2011.10.14"]

1. d4 Nf6 2. c4 e6 3. Nf3 b6 4. e3 Bb7 5. Be2 Be7 6. O-O O-O 7. b3 Ne4 8. Bb2 d6
9. Qc2 Nd7 10. Nbd2 f5 11. Rad1 Qe8 12. Nb1 Qg6 13. d5 Ndf6 14. Nd4 exd5 15. f3
Nc5 16. b4 Ncd7 17. Nxf5 Bd8 18. cxd5 Qe8 19. e4 g6 20. Nd4 Rf7 21. Ne6 Nf8 22.
Bc4 Bc8 23. Nxf8 Kxf8 24. Nd2 a6 25. Rde1 Nh5 26. e5 dxe5 27. d6 cxd6 28. Bxf7
Kxf7 29. f4 Kg8 30. fxe5 d5 31. e6 Bxe6 32. Qc3 1-0

[Event "Chigorin Memorial Open"]
[Site "St Petersburg RUS"]
[Date "2011.10.19"]
[Round "6.108"]
[White "Korchagina, Viktoria"]
[Black "Chuprova, Irina"]
[Result "1-0"]
[WhiteTitle "WFM"]
[WhiteElo "2109"]
[BlackElo "1919"]
[WhiteFideId "4197224"]
[BlackFideId "24138584"]
[EventDate "2011.10.14"]

1. e4 c5 2. Nf3 d6 3. d4 cxd4 4. Nxd4 Nf6 5. Nc3 g6 6. Be3 Bg7 7. f3 O-O 8. Qd2
Nc6 9. Bc4 Bd7 10. O-O-O Rb8 11. Kb1 Na5 12. Be2 a6 13. h4 b5 14. h5 Nc4 15.
Bxc4 bxc4 16. Bh6 Bxh6 17. Qxh6 g5 18. e5 Qb6 19. b3 cxb3 20. cxb3 dxe5 21.
Qxg5+ Kh8 22. Qxe5 a5 23. g4 Qd6 24. Qxd6 exd6 25. g5 Ne8 26. Ne4 Kg7 27. f4 Rb6
28. f5 f6 29. h6+ Kg8 30. g6 Bc8 31. Nc3 Nc7 32. Rde1 Re8 33. Rxe8+ Nxe8 34. Re1 1-0

[Event "Chigorin Memorial Open"]
[Site "St Petersburg RUS"]
[Date "2011.10.19"]
[Round "6.109"]
[White "Bondarev, Ivan"]
[Black "Kostyuchenko, Vladimir"]
[Result "1/2-1/2"]
[WhiteElo "1892"]
[BlackElo "2107"]
[WhiteFideId "4185110"]
[BlackFideId "4126084"]
[EventDate "2011.10.14"]

1. e4 c5 2. Nf3 Nc6 3. Bb5 Nf6 4. e5 Nd5 5. O-O g6 6. Re1 Bg7 7. Nc3 Nc7 8. Bc4
O-O 9. a3 d5 10. exd6 exd6 11. Nd5 Bg4 12. Nxc7 Qxc7 13. h3 Bxf3 14. Qxf3 Nd4
15. Qd1 Rae8 16. Rxe8 Rxe8 17. c3 Nc6 18. d3 Qe7 19. Be3 Kh8 20. Qd2 Ne5 21. Bd5
b6 22. d4 Nd7 23. dxc5 Nxc5 24. Rd1 f5 25. Kf1 Be5 26. Bd4 Qf6 27. f4 Bxd4 28.
Qxd4 Qxd4 29. Rxd4 Ne6 30. Bxe6 Rxe6 31. g3 Kg7 32. Kf2 Kf6 33. a4 h6 34. h4 g5
35. hxg5+ hxg5 36. fxg5+ Kxg5 37. Kf3 Rh6 38. b4 Rh1 39. Rxd6 Ra1 40. a5 bxa5
41. bxa5 Rxa5 42. Rc6 Ra1 1/2-1/2

[Event "Chigorin Memorial Open"]
[Site "St Petersburg RUS"]
[Date "2011.10.19"]
[Round "6.112"]
[White "Aminov, Andrey"]
[Black "Mironova, Natalia"]
[Result "1-0"]
[WhiteElo "2029"]
[BlackElo "1811"]
[WhiteFideId "24162728"]
[BlackFideId "4110935"]
[EventDate "2011.10.14"]

1. e4 e6 2. d4 d5 3. Nc3 Bb4 4. e5 c5 5. Bd2 Nc6 6. Nb5 Bxd2+ 7. Qxd2 Nxd4 8.
Nxd4 cxd4 9. f4 Nh6 10. Nf3 Nf5 11. O-O-O Bd7 12. Nxd4 Nxd4 13. Qxd4 Qa5 14. Kb1
O-O-O 15. Be2 Kb8 16. Rd3 Rc8 17. Ra3 Qc5 18. Qxc5 Rxc5 19. Rg3 Rhc8 20. Rxg7
Rxc2 21. Bd3 Rd2 22. Bxh7 Ba4 23. b3 Bb5 24. h4 d4 25. h5 d3 26. h6 Rf2 27. Rxf7
d2 28. Rd1 Re2 29. Kb2 a5 30. a4 Bc6 31. Rg7 Bxg2 32. Rg8 Bf3 33. Rxc8+ Kxc8 34.
Kc3 Rh2 35. Rxd2 Rxh6 36. Bd3 Bd5 37. Bc4 Bxc4 38. Kxc4 Rh4 39. Rd4 Kc7 40. Kb5
b6 41. Rc4+ Kb7 42. Rc6 Ka7 43. Rxb6 Rxf4 44. Kxa5 Rf3 45. b4 1-0

[Event "Chigorin Memorial Open"]
[Site "St Petersburg RUS"]
[Date "2011.10.19"]
[Round "6.113"]
[White "Yakovlev, Yuri S."]
[Black "Chernyak, Viktoria"]
[Result "1-0"]
[WhiteElo "2029"]
[BlackElo "1808"]
[WhiteFideId "4173929"]
[BlackFideId "24165956"]
[EventDate "2011.10.14"]

1. e4 c5 2. Nf3 d6 3. c4 e5 4. Nc3 Nc6 5. h3 Nge7 6. d3 Nd4 7. Be2 Nxe2 8. Qxe2
Nc6 9. a3 Be7 10. Nd5 Be6 11. Nxe7 Qxe7 12. Ng5 h6 13. Nxe6 Qxe6 14. Be3 O-O 15.
Qg4 f5 16. exf5 Qxf5 17. Qxf5 Rxf5 18. O-O Raf8 19. Rfd1 b6 20. b4 R5f7 21. b5
Ne7 22. a4 Nf5 23. Rd2 Kh7 24. a5 Kg6 25. axb6 axb6 26. Ra6 Rb7 27. Rda2 Kf6 28.
Ra7 Rxa7 29. Rxa7 Rf7 30. Ra6 Rb7 31. g4 Ne7 32. Kg2 Ke6 33. Kf3 Ng6 34. Ke4 Ne7
35. f4 exf4 36. Kxf4 Ng6+ 37. Ke4 Ne5 38. Bf4 Nf7 39. h4 Nh8 40. Ra8 Ng6 41. Bg3
Ne7 42. Rd8 Rd7 43. Rb8 d5+ 44. Ke3 dxc4 45. Rxb6+ Kf7 46. dxc4 Rd4 47. Bd6 Ng6
48. h5 Nh4 49. Bxc5 Rxg4 50. Rb7+ Ke6 51. Re7+ Kf6 52. Re4 Nf5+ 53. Kd3 Rg1 54.
Bd4+ Nxd4 55. Kxd4 g5 56. hxg6 Kxg6 57. b6 Rb1 58. Kc5 Kg5 59. Kc6 1-0

[Event "Chigorin Memorial Open"]
[Site "St Petersburg RUS"]
[Date "2011.10.19"]
[Round "6.114"]
[White "Paliy, Vladimir"]
[Black "Minina, Veronika"]
[Result "0-1"]
[WhiteElo "1873"]
[BlackElo "2120"]
[WhiteFideId "4135709"]
[BlackFideId "4174780"]
[EventDate "2011.10.14"]

1. e4 c5 2. Nf3 Nc6 3. Bb5 e6 4. O-O Nge7 5. Re1 a6 6. Bf1 Ng6 7. c3 d5 8. exd5
Qxd5 9. d4 Bd6 10. c4 Qh5 11. dxc5 Bxc5 12. Be3 Bxe3 13. Rxe3 O-O 14. Nc3 e5 15.
Be2 Nf4 16. Ne4 f6 17. Ng3 Qf7 18. Qc2 Be6 19. Nf5 Qg6 20. N3h4 Qg5 21. g3 g6
22. Nf3 Qxf5 23. Qxf5 Nxe2+ 0-1

[Event "Chigorin Memorial Open"]
[Site "St Petersburg RUS"]
[Date "2011.10.19"]
[Round "6.115"]
[White "Sokolova, Vera"]
[Black "Fokin, Anatoly"]
[Result "1-0"]
[WhiteTitle "WFM"]
[WhiteElo "2052"]
[BlackElo "1858"]
[WhiteFideId "24120200"]
[BlackFideId "24124451"]
[EventDate "2011.10.14"]

1. e4 d5 2. exd5 Nf6 3. d4 Nxd5 4. Nf3 g6 5. c4 Nb6 6. Nc3 Bg7 7. c5 Nd5 8. Bc4
c6 9. Qb3 O-O 10. O-O Nxc3 11. bxc3 h6 12. Re1 Nd7 13. Bf4 b5 14. cxb6 Nxb6 15.
Ne5 Qe8 16. Nxg6 e5 17. Nxf8 Nxc4 18. Qxc4 Qxf8 19. Bxe5 Be6 20. Qxc6 Rc8 21.
Qf3 f6 22. Bxf6 1-0